000
00259nam a22000977a 4500
008
240829b |||||||| |||| 00| 0 eng d
020
_a
9789359584300
100
_a
Oswaal
_9
7599
245
_a
OSWAAL CBSE QUESTION BANK BIOLOGY-12
260
_a
New Delhi
_b
OWAAL
_c
2024
999
_c
12625
_d
12625